000 00478nam a2200181Ia 4500
001 18471
005 20260306171633.0
008 260306s9999||||xx |||||||||||||| ||und||
041 _aESP
082 _a658.406
_bB24
100 _aBarceló, Miquel
_eAUT
245 0 _aGestión de proyectos complejos:
_buna guía para la innovación y el empredimiento
260 _c2013
300 _a215 páginas :
_c23 cm.
650 _aGEN
654 _aCAN
942 _cLIB
_dJUS
_fJUS
_2ddc
_n
999 _c18471
_d18471